000 00883cam a2200289 i 4500
001 26818
003 BD-RjUL
005 20211209051054.0
008 140323s1976 nyua b 001 0 eng
020 _a0155247123
035 _a(BD-RjUL)26889
040 _aDLC
_cDLC
_dDLC
_dBD-RjUL
_beng
041 _aeng
082 0 0 _a940.1
_bHOE 1976
100 1 _aHoyt, Robert S.
_q(Robert Stuart)
_911139
245 1 0 _aEurope in the Middle Ages /
_cRobert S. Hoyt, Stanley Chodorow.
250 _a3d ed.
260 _aNew York :
_bHarcourt Brace Jovanovich,
_cc1976.
300 _axi, 707 p. :
_bill. ;
_c24 cm.
504 _aIncludes bibliographies and index.
650 0 _aCivilization, Medieval.
_982432
651 0 _aEurope
_xHistory
_y476-1492.
_974533
700 1 _aChodorow, Stanley,
_ejoint author.
_966138
942 _2ddc
_cBK
999 _c26818
_d26818